| 000 | 01054cam a22003014a 4500 | ||
|---|---|---|---|
| 001 | 13979803 | ||
| 003 | OSt | ||
| 005 | 20230606150649.0 | ||
| 008 | 050524s2004 ke a b 000 0 eng | ||
| 010 | _a 2005328388 | ||
| 020 | _a9966760008 | ||
| 040 |
_aDLC _cDLC _dDLC |
||
| 042 | _alcode | ||
| 043 | _afb----- | ||
| 050 | 0 | 0 |
_aHD70.A347 _bS53 2004 |
| 082 |
_a658.11 _bLUT |
||
| 245 | 0 | 0 |
_aShareholder Value and the Common Good _bEssays on the Objectives and Purposes of Business Management _cedited by David Lutz and Paul Mimbi. |
| 260 |
_aNairobi : _bStrathmore University Press and the Konrad Adenauer Foundation, _c2004. |
||
| 300 |
_aix, 410 p. : _bill. ; _c21 cm. |
||
| 504 | _aIncludes bibliographical references. | ||
| 650 | 0 |
_aManagement _zAfrica, Sub-Saharan. |
|
| 700 | 1 | _aLutz, David. | |
| 700 | 1 | _aMimbi, Paul. | |
| 856 | 4 | 1 |
_3Table of contents only _uhttp://www.loc.gov/catdir/toc/fy0709/2005328388.html |
| 906 |
_a7 _bcbc _corigode _d3 _encip _f20 _gy-gencatlg |
||
| 942 |
_2ddc _cBK |
||
| 999 |
_c711 _d711 |
||